000 00404nam a22001577a 4500
003 NUST
005 20260325155331.0
008 260325b ||||| |||| 00| 0 eng d
082 _a333.3
_bHAS
100 _aBashir Tariq.
_9133754
245 _aLand Records Manual /
_cBashir Tariq.
260 _aPakistan:
_bEastern Law Book House,
300 _a740
_c30.2 cm
563 _aHardcover
942 _2ddc
_cBK
999 _c616712
_d616712